Central Library OPAC University of Rajshahi
Normal view MARC view

Entry Topical Term

Number of records used in: 2

001 - CONTROL NUMBER

  • control field: 14124

003 - CONTROL NUMBER IDENTIFIER

  • control field: BD-RjUL

005 - DATE AND TIME OF LATEST TRANSACTION

  • control field: 20241105142835.0

008 - FIXED-LENGTH DATA ELEMENTS

  • fixed length control field: 241105|| aca||aabn | a|a d

040 ## - CATALOGING SOURCE

  • Original cataloging agency: BD-RjUL
  • Transcribing agency: BD-RjUL

150 ## - HEADING--TOPICAL TERM

  • Topical term or geographic name entry element: Diabetes Mellitus therapy

670 ## - SOURCE DATA FOUND

  • Source citation: Work cat.: (BD-RjUL)84246: Islam, Md. Shajedul 7270, Study on Relationship between glycated hemoglobin and lipid profile among patients of type-2 diabetes mellitus at out patient department of diabetic hospital, Bogura, Bangladesh /, 2022.